South Asian Dictators - Statistics

General Stats
  • This quiz has been taken 33 times
    24 since last reset
  • The average score is 5 of 8
Answer Stats
Dictator Country % Correct
Indira Ghandi India
93%
Pervez Musharraf Pakistan
86%
Hossain Mohammad Ershad Bangladesh
71%
Jang Bahadur Rana Nepal
64%
Maumoon Abdul Gayoom Maldives
57%
Yahya Khan Pakistan
57%
Mahinda Rajapaksa Sri Lanka
57%
Jigme Singye Wangchuck Bhutan
50%
No matching quizzes found
Score Distribution
Percent of People with Each Score
Percentile by Number Answered
Your Score History
You have not taken this quiz since the last reset